| 000 | 00405nam a2200145Ia 4500 | ||
|---|---|---|---|
| 008 | 210430s9999 xx 000 0 und d | ||
| 020 | _a978-0-19-569424-6 | ||
| 082 | _a660.2832 S2911 E | ||
| 100 | _aLanny D.Schmidt | ||
| 245 | 4 |
_aThe Engineering of Chemical Reactions / _cLanny D.Schmidt |
|
| 250 | _a2nd edition | ||
| 260 |
_aNew york _bOxford University _c2008 |
||
| 300 | _a618p | ||
| 942 |
_cBK _2ddc |
||
| 999 |
_c564655 _d564655 |
||